Регионална библиотека "Любен Каравелов" - Русе

Доброволци за смърт (Запис номер 108372)

MARC детайли
000 -Лидер
Контролно поле с фиксирана дължина 02152nam a2200421 c 4500
003 - Код на организацията, давaща контролен номер
Контролно поле BLK
005 - Дата и час на последна редакция
Контролно поле 20250423172418.0
008 - Елементи от данни с фиксирана дължина
fixed length control field 180409b bul|||||r ||||||| ||bul||
010 ## - Наследен системен номер
LC control number KNG00113675000
020 ## - Международен стандартен номер на книга ISBN
Международен стандартен номер на книга ISBN 954-607-640-6
-- издат.: ЛИК
040 ## - Източник на каталожния запис
Идентификатор на билиотеката - собственик на записа BLK
041 ## - Код за език
Код за езика на текст/звукозапис или на отделно заглавие Български
Код за езика КДБФ Български
080 ## - УДК
Текстов определител УДК Политическо преследване. Терористични действия. Тероризъм - Атентати, политически убийства. Вж и 343.1 ; 343.3/.7
УДК код - определител по УДК 323.28
УДК определител (100)(091)
УДК - код + определител 323.28(100)(091)
080 ## - УДК
Текстов определител УДК Уважение към човешкия живот. Дуел. Самоубийство. Убийство. Самоотбрана
УДК код - определител по УДК 179.7
УДК определител
УДК - код + определител 179.7
080 ## - УДК
Текстов определител УДК Политически интриги. Подривна дейност. Диверсии. Пета колона
УДК код - определител по УДК 327.88
УДК определител (091)
УДК - код + определител 327.88(091)
100 1# - Редна дума - Автор
Автор Жере, Франсоа
Авторска отговорност първи автор
R(LIN) 68328
139 ## - Редно поле
Редна дума Жере, Франсоа
Авторски знак Жер - Ж 40
245 10 - Сведения за заглавието
Заглавие Доброволци за смърт
Подзаглавни данни История на самоубийствените атентати
Редно поле (дума) Франсоа Жере; прев. от фр. Георги Цанков.
257 ## - Страна на издаване
Страна на създаване/издаване Франция
260 ## - Област на издателските данни
-- София
Име на издателя, разпространителя и проч. ЛИК
Година на издаване 2004
300 ## - Физическа характеристика
Страници 271 с.
Размери/Мащаб 20 см
380 ## - Жанр
Жанр Обществени науки
500 ## - Общи забележки
Забележка Прев. по Les volontaires de la mort : L'arme du suicide / Francois Gere. - Пълното име на прев. е Георги Цанков Цанев. - Библиогр. под линия
650 #4 - Допълнително описание по предмет – тема
Основно описание – тема или топоним Тероризъм, международен
9 (RLIN) 272425
650 #4 - Допълнително описание по предмет – тема
Основно описание – тема или топоним Тероризъм - история и генезис
9 (RLIN) 285423
650 #4 - Допълнително описание по предмет – тема
Основно описание – тема или топоним Самоубийство
9 (RLIN) 170199
653 ## - Ключова дума – ненормативна
Ключова дума тероризъм
653 ## - Ключова дума – ненормативна
Ключова дума атентати
653 ## - Ключова дума – ненормативна
Ключова дума самоубийство
653 ## - Ключова дума – ненормативна
Ключова дума история
700 1# - Други автори (авторска отговорност)
Лично име Цанков, Георги
Автороска отговорност (Описва отношението между автора и произведението) прев. от фр.
Друга информация Цанев, Георги Цанков
9 (RLIN) 363810
852 ## - Местоположение
Форматна сигнатура Цб 220007
856 4# - Електронен адрес и достъп
Електронен формат pdf - файл
Път до файла /url/
856 4# - Електронен адрес и достъп
Електронен формат pdf - файл
Път до файла /url/
942 ## - АРТИКУЛИ
Вид на библиотечния материал Книги
Скрит в OPAC Не
Koha issues (borrowed), all copies 9
944 ## - СЪЗДАВАНЕ И РЕДАКЦИЯ на ЗАПИСА
Създаване/Редакция Създаване
Дата на регистрацията/редакция 17.06.2004
Служител, извършил регистрацията/редакцията 30531
Статус, дата на статуса Цветелина Шанова
944 ## - СЪЗДАВАНЕ И РЕДАКЦИЯ на ЗАПИСА
Създаване/Редакция Редакция
Дата на регистрацията/редакция 20.10.2008
Служител, извършил регистрацията/редакцията
999 ## - СИСТЕМНИ КОНТРОЛНИ НОМЕРА
Koha biblionumber 108372
Koha biblioitemnumber 108372
Наличности
Код за отписване Код за изгубен артикул Източник на класификационната схема Код за повреда Коз за рестрикции Код за отдаване Артикулен № Име на библиотеката - собственик Име на библиотеката, в която се намира в момента Статус (Текущо местоположение) Дата на вписване в системата Местоположение - отдел Цена в лева Инвентарен номер Систематично азбучна сигнатура Баркод Номер на екземпляра Цена в евро Служебна бележка Служебен тип на артикула
  Не е изгубен Universal Decimal Classification Не е повреден без рестрикции заемане за дома 174739 Регионална библиотека "Любен Каравелов" Русе Регионална библиотека "Любен Каравелов" Русе Заемна - подръчен фонд 2004-06-17 Заемна - подръчен фонд 10.00 120000686279 П 323/Ж 40 120000686279 1 5.11 Дост: Pk Вид: Ф N: 8877 Дата: 16.06.2004 Дата инв: 22.03.2017 Бележки инв: Ч2017 Книги
  Не е изгубен   Не е повреден без рестрикции ползва се в читалня 174740 Регионална библиотека "Любен Каравелов" Русе Регионална библиотека "Любен Каравелов" Русе Хранилище 2008-08-29 Хранилище 10.00 120000728434 Цб 220007 120000728434 2 5.11 Дост: Dp Вид: Д N: 23 Дата: 21.05.2008 Книги
Vip Innovations Ltd, Rousse, Bulgaria 2025